|
|
|
|
| LEADER |
01444nam a22002772a 4500 |
| 001 |
001732305 |
| 003 |
CZ BrMZK |
| 005 |
20220405125235.0 |
| 007 |
ta |
| 008 |
200224s1949 xr er|||||||||||cze d |
| 015 |
|
|
|a cnb000675580
|
| 035 |
|
|
|a (OCoLC)7144298
|
| 040 |
|
|
|a ABA001
|b cze
|c BOA001
|d ABA001
|d BOA001
|e aacr2
|
| 100 |
1 |
|
|a Hora, Josef,
|d 1891-1945
|7 jk01041989
|4 aut
|
| 245 |
1 |
0 |
|a Hladový rok :
|b Příběh města /
|c Josef Hora
|
| 260 |
|
|
|a Praha :
|b Československý spisovatel,
|c 1949
|f (Prům. tisk.)
|
| 300 |
|
|
|a 230, [3] s. ;
|c 8°
|
| 490 |
1 |
|
|a Dílo ;
|v sv. 8
|
| 500 |
|
|
|a 5500 výt.
|
| 520 |
|
|
|a Román českého maloměsta (Roudnice) v posledním roce války, v němž se autor vyrovnává s problémy konce Rakousko-Uherska a vzniku ČSR. Jako příčinu rakouské porážky poznává mravní rozpad měšťácké třídy askorojasnovidněpředpovídánutnost druhé světové války, která teprve dá základy socialistickému státu, vytvořenému po vzoru SSSR. Básníkovým mluvčím je Jiří Svoboda, který se vrací jako zajatec z Ruska.
|
| 800 |
1 |
|
|a Hora, Josef,
|d 1891-1945.
|t Dílo (Československý spisovatel)
|0 s
|
| 856 |
4 |
1 |
|u http://www.digitalniknihovna.cz/mzk/uuid/uuid:ce00bf60-8192-11e2-aa2b-005056827e51
|y Digitalizovaný dokument
|x NDK
|
| 910 |
|
|
|a BOA001
|b 2-0198.945,8
|
| 990 |
|
|
|a BK
|
| 991 |
|
|
|b 202002
|
| 996 |
6 |
|
|b 2618829165
|c 2-0198.945,8
|l MZK
|r Sklad / do 24 hodin
|n 0
|w 001784093
|u 000010
|a 1
|e BOA001
|j MZK50
|s P
|